000 00739nam a22002417a 4500
003 UA-OsUOA
001 101153
007 ta
008 20130606b un ||||| |||| 00| 0 ukr d
100 _aАлфьоров М. А.
090 _a94(477.6)
_bА53
942 _cBK
040 _aUA-OsUOA
_bukr
_cUA-OsUOA
_dUA-OsUOA
245 _aУрбанізаційні процеси в Україні в 1945 - 1991 рр.
_bмонографія
300 _a550 с.
955 _a1
041 _aukr
080 _a94(477.6)
020 _a978-966-317-144-9
260 _aДонецьк
_bТОВ "Східний видавничий дім"
_c2012
650 7 _a9 Географія. Біографії. Історія
_2UDC
999 _c387321
_d387321